Normal view
MARC view
Entry Personal Name
001 - CONTROL NUMBER
- control field: 8196
003 - CONTROL NUMBER IDENTIFIER
- control field: OSt
005 - DATE AND TIME OF LATEST TRANSACTION
- control field: 20211028144411.0
008 - FIXED-LENGTH DATA ELEMENTS
- fixed length control field: 211028|| aca||aabn | a|a d
040 ## - CATALOGING SOURCE
- Original cataloging agency: OSt
- Transcribing agency: OSt
100 ## - HEADING--PERSONAL NAME
- Personal name: Vishna; Pereira, Divya.
- Miscellaneous information: 1716224
670 ## - SOURCE DATA FOUND
- Source citation: Work cat.: (OSt): Vishna; Pereira, Divya. 1716224, Study on level of employee job satisfaction with reference to Arjuna Naturals Extract Edayar., 2019